000 00417nam a2200133Ia 4500
008 210430s9999 xx 000 0 und d
082 _a660 H835 C
100 _aO. A. Hougen, K. M. Watson, R. A. Ragatz
_9127226
245 _aChemical Process Principles, Part-II, Thermodynamics /
_cR.A.Ragatz
250 _a2nd edition
260 _aIndia
_bCBS Publishers &Distributors
_c2004
300 _a1072p
942 _cBK
_2ddc
999 _c564328
_d564328